000 006880000a22002290004500
003 LK-CoMWRAF
005 20231113120446.0
008 230817t2002 ||||| |||| 00| 0 eng d
020 _a9558095192
040 _aLK-CoMWRAF
_dLK-CoMWRAF
_eLK-CoMWRAF
041 _aeng
082 _a305.8
_bABE
100 _aAbeyasekera, Henry P.
245 _aSri Lanka Under a Brahmana Curse?
260 _aColombo:
_bVijitha Yapa,
_c2002
300 _a184 p. : ill., maps ; 22 cm.
650 _aETHNIC CONFLICT-Sri Lanka -- History
650 _aSinhalese (Sri Lankan people)
650 _aTamil (Indic people) -- Sri Lanka
650 _aSri Lanka -- Ethnic relations -- History
942 _cBK
999 _c810
_d810